Treatment planning for traumatized teeth / (Record no. 21352)
[ view plain ]
| 000 -LEADER | |
|---|---|
| fixed length control field | 01445cam a22003135a 4500 |
| 001 - CONTROL NUMBER | |
| control field | ocn756895033 |
| 003 - CONTROL NUMBER IDENTIFIER | |
| control field | OSt |
| 005 - DATE AND TIME OF LATEST TRANSACTION | |
| control field | 20160309125032.0 |
| 008 - FIXED-LENGTH DATA ELEMENTS--GENERAL INFORMATION | |
| fixed length control field | 111006t2012 ilua frb 001 0 eng d |
| 020 ## - INTERNATIONAL STANDARD BOOK NUMBER | |
| International Standard Book Number | 9780867155112 |
| 040 ## - CATALOGING SOURCE | |
| Original cataloging agency | DNLM/DLC |
| Language of cataloging | eng |
| Transcribing agency | DLC |
| Modifying agency | YDX |
| -- | NLM |
| -- | YDXCP |
| -- | OCLCO |
| -- | IUD |
| -- | EG-ScBUE |
| 041 1# - LANGUAGE CODE | |
| Language code of text/sound track or separate title | eng |
| Language code of original and/or intermediate translations of text | jpn |
| 082 04 - DEWEY DECIMAL CLASSIFICATION NUMBER | |
| Edition number | 22 |
| Classification number | 617.60446 |
| Item number | TSU |
| 100 1# - MAIN ENTRY--PERSONAL NAME | |
| Personal name | Tsukiboshi, Mitsuhiro, |
| Dates associated with a name | 1952- |
| 9 (RLIN) | 39504 |
| 240 10 - UNIFORM TITLE | |
| Uniform title | <a href="Gaishōshi no shindan to chiryō.">Gaishōshi no shindan to chiryō.</a> |
| Language of a work | English. |
| Date of a work | 2012 |
| 245 10 - TITLE STATEMENT | |
| Title | Treatment planning for traumatized teeth / |
| Statement of responsibility, etc | Mitsuhiro Tsukiboshi. |
| 250 ## - EDITION STATEMENT | |
| Edition statement | 2nd ed. |
| 260 ## - PUBLICATION, DISTRIBUTION, ETC. (IMPRINT) | |
| Place of publication, distribution, etc | Hanover Park : |
| Name of publisher, distributor, etc | Quintessence Publishing, |
| Date of publication, distribution, etc | c.2012. |
| 300 ## - PHYSICAL DESCRIPTION | |
| Extent | vii, 231 p. : |
| Other physical details | ill. (some col.) ; |
| Dimensions | 28 cm. |
| 500 ## - GENERAL NOTE | |
| General note | Index : p. 229-231. |
| 504 ## - BIBLIOGRAPHY, ETC. NOTE | |
| Bibliography, etc | Includes bibliographical references. |
| 505 0# - FORMATTED CONTENTS NOTE | |
| Formatted contents note | Anatomical considerations and classification of dental trauma -- Examination and diagnosis of traumatic dental injuries -- Crown fracture -- Crown-root fracture -- Root fracture -- Subluxation -- Extrusive luxation -- Lateral luxation -- Intrusive luxation -- Transient apical breakdown -- Avulsion -- Trauma to the primary dentition -- Trauma to the supporting structures. |
| 546 ## - LANGUAGE NOTE | |
| Language note | Text in English ; translated from original Japanese. |
| 650 #0 - SUBJECT ADDED ENTRY--TOPICAL TERM | |
| Topical term or geographic name as entry element | Teeth |
| General subdivision | Wounds and injuries |
| -- | Treatment. |
| Source of heading or term | BUEsh |
| 650 #0 - SUBJECT ADDED ENTRY--TOPICAL TERM | |
| Topical term or geographic name as entry element | Periodontium |
| General subdivision | Wounds and injuries |
| -- | Treatment. |
| Source of heading or term | BUEsh |
| 651 ## - SUBJECT ADDED ENTRY--GEOGRAPHIC NAME | |
| Source of heading or term | BUEsh |
| 653 ## - INDEX TERM--UNCONTROLLED | |
| Resource For college | |
| Arrived date list | March2016 |
| 942 ## - ADDED ENTRY ELEMENTS (KOHA) | |
| Source of classification or shelving scheme | Dewey Decimal Classification |
| Withdrawn status | Item status | Source of classification or shelving scheme | Damaged status | Not for loan | Vendor | Home library | Current library | Shelving location | Date acquired | Source of acquisition | Cost, normal purchase price | Serial Enumeration / chronology | Total Checkouts | Total Renewals | Full call number | Barcode | Date last seen | Date last borrowed | Cost, replacement price | Koha item type |
|---|---|---|---|---|---|---|---|---|---|---|---|---|---|---|---|---|---|---|---|---|
| Dewey Decimal Classification | Central Library | Central Library | First floor | 09/03/2016 | Purchase | 840.00 | 583 | 1 | 1 | 617.60446 TSU | 000031916 | 15/07/2025 | 14/11/2021 | 1050.00 | Book - Borrowing |